[Event "Mississauga Spring op U2000"]
[Site "Mississauga CAN"]
[Date "2019.03.24"]
[Round "4"]
[White "Samokysh, Yevhen"]
[Black "McDonald, Mike"]
[Result "0-1"]
[WhiteElo "1924"]
[BlackElo "1714"]
[PlyCount "104"]
[EventDate "2019.03.23"]
[EventType "swiss"]
[EventRounds "5"]
[EventCountry "CAN"]

1. Nf3 Nc6 2. d4 d5 3. c4 e6 4. Nc3 Nf6 5. g3 Be7 6. Bg2 dxc4 7. O-O Bb4 8. Bg5
h6 9. Bxf6 Qxf6 10. Ne5 Bxc3 11. Nxc6 Bxb2 12. Rb1 c3 13. Ne5 O-O 14. Qa4 c5
15. Nd3 Qxd4 16. Qxd4 cxd4 17. Nxb2 cxb2 18. Rxb2 Rb8 19. Rd1 Rd8 20. e3 e5 21.
f4 Bg4 22. Rd3 dxe3 23. Rxe3 exf4 24. gxf4 Rd7 25. Re4 Rbd8 26. Reb4 b6 27. Kf2
Rd2+ 28. Kg3 Bf5 29. R4b3 g6 30. Rxd2 Rxd2 31. Ra3 Rd3+ 32. Rxd3 Bxd3 33. Bc6
f5 34. h4 Kf7 35. a4 a5 36. Bd5+ Kf6 37. Bb3 Ke7 38. Kf2 Kf6 39. Ke3 Be4 40.
Bd1 Bc6 41. Bc2 g5 42. hxg5+ hxg5 43. Bd1 g4 44. Kf2 Ke6 45. Kg3 Kd5 46. Bb3+
Kd4 47. Be6 Be4 48. Bd7 Bc2 49. Bb5 Kc5 50. Kf2 Kb4 51. Bd7 Bxa4 52. Bxf5 Bb3
0-1

[Event "Mississauga Spring op U2000"]
[Site "Mississauga CAN"]
[Date "2019.03.24"]
[Round "4"]
[White "Talsma, Shawn"]
[Black "Xiang, Christopher"]
[Result "1/2-1/2"]
[WhiteElo "1893"]
[BlackElo "1696"]
[PlyCount "82"]
[EventDate "2019.03.23"]
[EventType "swiss"]
[EventRounds "5"]
[EventCountry "CAN"]

1. e4 c5 2. Nf3 d6 3. d4 cxd4 4. Nxd4 Nf6 5. Nc3 g6 6. Bd3 Bg7 7. f3 O-O 8. Be3
Nc6 9. Nde2 d5 10. exd5 Nxd5 11. Nxd5 Qxd5 12. Nc3 Qa5 13. Bd2 Nb4 14. Bc4 Bf5
15. Bb3 h5 16. Nd5 Nxc2+ 17. Qxc2 Qxd5 18. Bxd5 Bxc2 19. Rc1 Rac8 20. Bxb7 Bxb2
21. Bxc8 Rxc8 22. Ke2 Bxc1 23. Rxc1 Bf5 24. Rxc8+ Bxc8 25. Ke3 Bb7 26. Bb4 e5
27. Bc3 f6 28. f4 exf4+ 29. Kxf4 Kf7 30. g3 g5+ 31. Ke3 Ke6 32. h4 gxh4 33.
gxh4 f5 34. Kf4 Bg2 35. Bb4 a6 36. a3 Bf1 37. Bf8 Be2 38. Bb4 Bg4 39. Bf8 Kd5
40. Be7 Kc4 41. Bf8 Kd3 1/2-1/2

[Event "Mississauga Spring op U2000"]
[Site "Mississauga CAN"]
[Date "2019.03.24"]
[Round "5"]
[White "Brajkovic, Nikola"]
[Black "Piccinin, Mario"]
[Result "1-0"]
[WhiteElo "1996"]
[BlackElo "1813"]
[PlyCount "81"]
[EventDate "2019.03.23"]
[EventType "swiss"]
[EventRounds "5"]
[EventCountry "CAN"]

1. e4 d5 2. exd5 Nf6 3. Nf3 Qxd5 4. Nc3 Qh5 5. d4 Bg4 6. Be2 Nc6 7. h3 O-O-O 8.
Be3 e5 9. d5 Bb4 10. O-O Bxh3 11. gxh3 h6 12. Nh2 Qg6+ 13. Kh1 Bxc3 14. bxc3
Nxd5 15. Qe1 Nxe3 16. fxe3 Qxc2 17. Rxf7 Rd2 18. Rf2 Rhd8 19. Nf1 Rxe2 20. Rxe2
Qe4+ 21. Kh2 g5 22. Rd1 Rg8 23. Rg2 h5 24. Qe2 g4 25. Ng3 Qh7 26. Qd3 Qh6 27.
Nf5 Qg5 28. h4 Qf6 29. e4 Kb8 30. Kg3 Ne7 31. Rf2 Ng6 32. Qe3 Nf4 33. Rfd2 b6
34. c4 Ne6 35. Rf2 Nf4 36. c5 Rf8 37. cxb6 axb6 38. Rc2 Kb7 39. Qc3 Ne6 40.
Qc6+ Kb8 41. Rd3 1-0

[Event "Mississauga Spring op U2000"]
[Site "Mississauga CAN"]
[Date "2019.03.24"]
[Round "5"]
[White "Green, Ken"]
[Black "Cao, Bruce"]
[Result "1-0"]
[WhiteElo "1734"]
[BlackElo "1756"]
[PlyCount "101"]
[EventDate "2019.03.23"]
[EventType "swiss"]
[EventRounds "5"]
[EventCountry "CAN"]

1. d4 Nf6 2. Bf4 g6 3. Nc3 d5 4. e3 Bg7 5. Nf3 O-O 6. h4 b6 7. Bd3 Bb7 8. h5 c5
9. hxg6 hxg6 10. Ne5 c4 11. Be2 Nbd7 12. Ng4 Nxg4 13. Bxg4 f5 14. Bf3 Nf6 15.
Qe2 Kf7 16. g4 Qd7 17. g5 Ne4 18. Bxe4 fxe4 19. O-O-O b5 20. Rh7 Rh8 21. Rdh1
Rxh7 22. Rxh7 Rh8 23. Rxg7+ Kxg7 24. Be5+ Kg8 25. Bxh8 Kxh8 26. f4 b4 27. Qh2+
Kg8 28. Nd1 Qf5 29. Nf2 Bc8 30. Qh6 Kf7 31. Qh8 Qe6 32. Qd8 Qc6 33. Qa5 Qb7 34.
Qd8 Be6 35. Qh8 Bf5 36. Qh7+ Ke6 37. Nd1 Qa6 38. Qg8+ Kd6 39. Qb8+ Kd7 40. Qxb4
Qxa2 41. Qb7+ Kd6 42. Qb8+ Kd7 43. Qb5+ Kc7 44. Qc5+ Kb8 45. Qb5+ Kc7 46. Nc3
Qa1+ 47. Kd2 e6 48. Qc5+ Kd7 49. Qb5+ Ke7 50. Na4 Bg4 51. Qb8 1-0

[Event "Mississauga Spring op U2000"]
[Site "Mississauga CAN"]
[Date "2019.03.24"]
[Round "5"]
[White "Lim, Levi"]
[Black "Dela Torre, Marife O"]
[Result "1/2-1/2"]
[WhiteElo "1961"]
[BlackElo "1920"]
[PlyCount "64"]
[EventDate "2019.03.23"]
[EventType "swiss"]
[EventRounds "5"]
[EventCountry "CAN"]

1. e4 e5 2. Nf3 Nc6 3. Nc3 Nf6 4. Bb5 a6 5. Bxc6 dxc6 6. Nxe5 Nxe4 7. Nxe4 Qd4
8. Qf3 Qxe5 9. O-O Be7 10. d3 O-O 11. c3 Bd6 12. Nxd6 cxd6 13. Bf4 Qf6 14. Qg3
d5 15. Rfe1 Bf5 16. Bg5 Qg6 17. Re7 Bxd3 18. Rxb7 Rfe8 19. Be3 Qxg3 20. hxg3
Rab8 21. Rxb8 Rxb8 22. Rd1 Bc2 23. Rd2 Rxb2 24. c4 f6 25. cxd5 cxd5 26. a3 Rb1+
27. Kh2 Bb3 28. Bd4 Rd1 29. Rxd1 Bxd1 30. f3 Kf7 31. Kg1 Ke6 32. Kf2 Kd6
1/2-1/2

[Event "Mississauga Spring op U2000"]
[Site "Mississauga CAN"]
[Date "2019.03.24"]
[Round "5"]
[White "Locham, Divjot"]
[Black "Chakkoli, Anirud"]
[Result "1-0"]
[WhiteElo "1645"]
[BlackElo "1654"]
[PlyCount "73"]
[EventDate "2019.03.23"]
[EventType "swiss"]
[EventRounds "5"]
[EventCountry "CAN"]

1. e4 c5 2. Nf3 d6 3. Bb5+ Bd7 4. Bxd7+ Qxd7 5. O-O Nf6 6. Re1 e5 7. c3 Nc6 8.
d4 cxd4 9. cxd4 O-O-O 10. d5 Ne7 11. Nc3 Kb8 12. a4 Ne8 13. a5 Nc7 14. b4 f5
15. b5 Nxb5 16. Nxb5 Qxb5 17. a6 fxe4 18. Be3 Qxd5 19. Qb1 Nc8 20. Rd1 Qc6 21.
Rc1 Qd7 22. Nd2 b6 23. Nc4 Be7 24. Bxb6 Nxb6 25. Nxb6 axb6 26. Qxb6+ Ka8 27.
Rc7 Qxc7 28. Qxc7 Rb8 29. Qxe7 Rb6 30. g3 Rc8 31. Qxg7 e3 32. fxe3 d5 33. Qxe5
Ka7 34. Qxd5 Rxa6 35. Qd7+ Kb8 36. Rb1+ Rb6 37. Rxb6+ 1-0

[Event "Mississauga Spring op U2000"]
[Site "Mississauga CAN"]
[Date "2019.03.24"]
[Round "5"]
[White "McDonald, Mike"]
[Black "Baylon, Glenda"]
[Result "0-1"]
[WhiteElo "1714"]
[BlackElo "1871"]
[PlyCount "60"]
[EventDate "2019.03.23"]
[EventType "swiss"]
[EventRounds "5"]
[EventCountry "CAN"]

1. e4 c6 2. d4 d5 3. Nc3 dxe4 4. Nxe4 Bf5 5. Ng3 Bg6 6. Nf3 Nd7 7. Nh4 e6 8.
Nxg6 hxg6 9. Bf4 Ngf6 10. c3 Nb6 11. Bd3 Bd6 12. Bg5 Qc7 13. Qf3 Nbd7 14. O-O
O-O-O 15. b4 e5 16. b5 cxb5 17. Bxb5 e4 18. Qe3 Rxh2 19. Bxd7+ Qxd7 20. Bxf6
Rdh8 21. f4 gxf6 22. Nxe4 Bc7 23. Nxf6 Qc6 24. Ne4 f5 25. Qg3 Rh1+ 26. Kf2
Rxf1+ 27. Rxf1 Qxe4 28. Qxg6 Qxf4+ 29. Ke2 Qe4+ 30. Kf2 Re8 0-1

[Event "Mississauga Spring op U2000"]
[Site "Mississauga CAN"]
[Date "2019.03.24"]
[Round "5"]
[White "Orozco, Joey"]
[Black "He, Emma"]
[Result "1/2-1/2"]
[WhiteElo "1820"]
[BlackElo "1920"]
[PlyCount "49"]
[EventDate "2019.03.23"]
[EventType "swiss"]
[EventRounds "5"]
[EventCountry "CAN"]

1. d4 d5 2. Nf3 Nf6 3. e3 e6 4. Bd3 Nbd7 5. Nbd2 Bd6 6. O-O O-O 7. e4 dxe4 8.
Nxe4 Nxe4 9. Bxe4 Nf6 10. Bd3 b6 11. Re1 Bb7 12. a3 c5 13. dxc5 Bxc5 14. b4 Be7
15. Bb2 Nd5 16. c4 Bf6 17. Bxf6 Nxf6 18. Qe2 Qc7 19. Ne5 Rfd8 20. Rad1 h6 21.
f4 Nd7 22. Nxd7 Rxd7 23. Qe5 Qc6 24. Qe2 Rad8 25. Bc2 1/2-1/2

[Event "Mississauga Spring op U2000"]
[Site "Mississauga CAN"]
[Date "2019.03.24"]
[Round "5"]
[White "Sharma, Vishruth"]
[Black "Talsma, Shawn"]
[Result "0-1"]
[WhiteElo "1725"]
[BlackElo "1893"]
[PlyCount "104"]
[EventDate "2019.03.23"]
[EventType "swiss"]
[EventRounds "5"]
[EventCountry "CAN"]

1. e4 c5 2. Nf3 d6 3. d4 cxd4 4. Nxd4 Nf6 5. Nc3 e6 6. Be3 Be7 7. Be2 a6 8. a4
Nbd7 9. f4 O-O 10. O-O Qc7 11. Qd2 b6 12. Bf3 Bb7 13. Nb3 Rfd8 14. Rad1 Rac8
15. Qf2 Nc5 16. a5 Nfxe4 17. Nxe4 Nxe4 18. Bxe4 Bxe4 19. Bxb6 Qxc2 20. Bxd8
Rxd8 21. Nd4 Qxf2+ 22. Kxf2 Rb8 23. Rd2 Bf6 24. Ke3 d5 25. Rc1 g5 26. g3 gxf4+
27. gxf4 e5 28. fxe5 Bg5+ 29. Ke2 Bxd2 30. Kxd2 Rxb2+ 31. Ke3 Rxh2 32. Rc6 Rh3+
33. Kf4 Bd3 34. Nf5 h5 35. Ne7+ Kg7 36. Nxd5 Rh1 37. Kg5 Re1 38. Nf4 Rxe5+ 39.
Kh4 Bf1 40. Nxh5+ Kf8 41. Ng3 Bb5 42. Rc1 Ke7 43. Kg4 Bd7+ 44. Kf4 Rxa5 45. Ne4
Rd5 46. Re1 Kd8 47. Nc3 Rc5 48. Ne4 Rc7 49. Ke5 a5 50. Nd6 Be6 51. Rb1 Ke7 52.
Rb7 f6+ 0-1

[Event "Mississauga Spring op U2000"]
[Site "Mississauga CAN"]
[Date "2019.03.24"]
[Round "5"]
[White "Xiang, Christopher"]
[Black "Hua, MIchelle"]
[Result "0-1"]
[WhiteElo "1696"]
[BlackElo "1817"]
[PlyCount "72"]
[EventDate "2019.03.23"]
[EventType "swiss"]
[EventRounds "5"]
[EventCountry "CAN"]

1. e4 c5 2. Nf3 d6 3. d4 cxd4 4. Nxd4 Nf6 5. Nc3 g6 6. Be3 Bg7 7. f3 O-O 8. Qd2
Nc6 9. Bc4 Bd7 10. O-O-O Ne5 11. Bb3 Qa5 12. h4 Rfc8 13. Kb1 Nc4 14. Bxc4 Rxc4
15. Nd5 Qxd2 16. Nxe7+ Kf8 17. Nxg6+ hxg6 18. Rxd2 Ke7 19. Rhd1 Rh8 20. Bg5 Bh6
21. Nb3 Bxg5 22. hxg5 Nh5 23. Rxd6 Be6 24. e5 Rc7 25. Rh1 Rd8 26. Rxd8 Kxd8 27.
g4 Bxb3 28. cxb3 Nf4 29. Rh8+ Ke7 30. Ra8 a6 31. b4 Nd3 32. a3 Nxe5 33. f4 Nxg4
34. a4 Ne3 35. b5 axb5 36. axb5 Nd5 0-1

[Event "Montcalm 1 2019-20"]
[Site "Quebec CAN"]
[Date "2019.09.05"]
[Round "1"]
[White "Bluteau, Yvon"]
[Black "Caire, Francois"]
[Result "0-1"]
[WhiteElo "1799"]
[BlackElo "2220"]
[PlyCount "94"]
[EventDate "2019.09.05"]
[EventType "swiss"]
[EventRounds "5"]
[EventCountry "CAN"]

1. e4 e5 2. Nf3 Nc6 3. Bc4 Nf6 4. d3 h6 5. h3 d6 6. Be3 Na5 7. Nc3 Be7 8. Qd2
c6 9. a3 Nxc4 10. dxc4 Qc7 11. g4 Be6 12. b3 Nd7 13. Ne2 h5 14. g5 g6 15. Nc3
O-O 16. Nh4 Rfd8 17. Nd5 cxd5 18. cxd5 Bxd5 19. exd5 a6 20. Qd3 Bf8 21. Nxg6
fxg6 22. Qxg6+ Bg7 23. O-O Nf8 24. Qxh5 Qxc2 25. Rac1 Qxb3 26. Rfd1 Qb5 27. h4
Qd7 28. Rc4 Rac8 29. Rg4 Qf5 30. Rg3 Rc4 31. Kh2 Rdc8 32. Rdg1 Ng6 33. Rh3 Ra4
34. Rgg3 Rcc4 35. Rf3 Qb1 36. Rf6 Bxf6 37. gxf6 Rxh4 38. f7+ Kxf7 39. Qf3+ Kg8
40. Bg5 Rxh3+ 41. Qxh3 Rf4 42. Bxf4 Nxf4 43. Qc8+ Kg7 44. Qd7+ Kh6 45. Qxd6+
Qg6 46. Qxg6+ Kxg6 47. d6 Kf6 0-1

[Event "Montcalm 1 2019-20"]
[Site "Quebec CAN"]
[Date "2019.09.05"]
[Round "1"]
[White "Dumont, Eric"]
[Black "Fecteau, Martin"]
[Result "0-1"]
[WhiteElo "1760"]
[BlackElo "1982"]
[PlyCount "54"]
[EventDate "2019.09.05"]
[EventType "swiss"]
[EventRounds "5"]
[EventCountry "CAN"]

1. d4 d5 2. Bf4 Nf6 3. e3 e6 4. Nf3 c5 5. c3 Nc6 6. Nbd2 Nh5 7. Bg5 Be7 8. Bxe7
Qxe7 9. Bd3 Nf6 10. O-O O-O 11. e4 dxe4 12. Nxe4 cxd4 13. cxd4 Rd8 14. Qa4 Bd7
15. Nxf6+ Qxf6 16. Rad1 g6 17. Be4 Be8 18. Qc4 Rac8 19. Bxc6 Bxc6 20. Qe2 Bxf3
21. Qxf3 Qxf3 22. gxf3 Rc2 23. d5 exd5 24. Rb1 Kg7 25. Rfe1 Kf6 26. Kf1 d4 27.
Re2 d3 0-1

[Event "Montcalm 1 2019-20"]
[Site "Quebec CAN"]
[Date "2019.09.05"]
[Round "1"]
[White "Gaulin, Gaetan"]
[Black "Perreault, Jacquelin"]
[Result "1-0"]
[WhiteElo "1939"]
[BlackElo "1753"]
[PlyCount "43"]
[EventDate "2019.09.05"]
[EventType "swiss"]
[EventRounds "5"]
[EventCountry "CAN"]

1. Nf3 Nf6 2. c4 b6 3. g3 Bb7 4. Bg2 e6 5. O-O c5 6. Nc3 d6 7. b3 g6 8. Bb2 Bg7
9. d4 O-O 10. Qd2 a6 11. Rfd1 Qc7 12. Rac1 Nbd7 13. dxc5 dxc5 14. Qd6 Rac8 15.
Rc2 Rfd8 16. Qxc7 Rxc7 17. Rcd2 Kf8 18. Na4 b5 19. Nb6 Ke7 20. Nxd7 Bxf3 21.
Nxf6 Rxd2 22. Rxd2 1-0

[Event "Montcalm 1 2019-20"]
[Site "Quebec CAN"]
[Date "2019.09.05"]
[Round "1"]
[White "Genest, Dominic"]
[Black "Bourdeau, Yvan"]
[Result "1-0"]
[WhiteElo "1812"]
[BlackElo "1414"]
[PlyCount "57"]
[EventDate "2019.09.05"]
[EventType "swiss"]
[EventRounds "5"]
[EventCountry "CAN"]

1. c4 c5 2. g3 Nc6 3. Nc3 Nf6 4. Bg2 b6 5. e3 e6 6. Nge2 Bb7 7. d4 Qc8 8. O-O
cxd4 9. exd4 Nb4 10. Bxb7 Qxb7 11. Re1 Be7 12. a3 Na6 13. Nf4 Rc8 14. Qa4 O-O
15. Nb5 Rfd8 16. Be3 d6 17. Rac1 Rd7 18. b4 Ne8 19. d5 e5 20. Ne2 Nb8 21. Qb3
a6 22. Nbc3 Rdc7 23. Ne4 Nd7 24. Qd3 Bf8 25. g4 Be7 26. N2g3 g6 27. f4 Ng7 28.
f5 Bh4 29. Nxd6 1-0

[Event "Montcalm 1 2019-20"]
[Site "Quebec CAN"]
[Date "2019.09.05"]
[Round "1"]
[White "Hebert, Andre jr"]
[Black "Labrecque, Rejean"]
[Result "1/2-1/2"]
[WhiteElo "1461"]
[BlackElo "1833"]
[PlyCount "131"]
[EventDate "2019.09.05"]
[EventType "swiss"]
[EventRounds "5"]
[EventCountry "CAN"]

1. Nf3 d5 2. g3 Nf6 3. Bg2 Bf5 4. O-O e6 5. d3 h6 6. c4 c6 7. Re1 Be7 8. cxd5
exd5 9. Nd4 Bh7 10. Nc3 O-O 11. e4 Bc5 12. Nb3 Bb4 13. a3 Bxc3 14. bxc3 Nbd7
15. e5 Ne8 16. Qg4 Kh8 17. d4 Nc7 18. Bh3 f5 19. Qe2 Ne6 20. f4 Nb6 21. a4 Nc4
22. Ba3 Nxa3 23. Rxa3 Qe7 24. Raa1 g5 25. fxg5 hxg5 26. Bg2 f4 27. c4 fxg3 28.
hxg3 Qb4 29. cxd5 Nxd4 30. Nxd4 Qxd4+ 31. Qe3 Qxe3+ 32. Rxe3 cxd5 33. Bxd5 Rab8
34. Rc1 Rfd8 35. Bb3 Rd7 36. e6 Re7 37. Rd1 Rbe8 38. Re5 Bg8 39. Rxg5 Bxe6 40.
Bxe6 Rxe6 41. Rd7 R6e7 42. Rd4 Rg8 43. Rh5+ Rh7 44. Rxh7+ Kxh7 45. Kg2 Rg7 46.
g4 b6 47. Kg3 Rb7 48. g5 a6 49. Rb4 b5 50. a5 Rc7 51. Rh4+ Kg7 52. Rh6 Rc5 53.
Kg4 b4 54. Rxa6 Rb5 55. Ra7+ Kg6 56. Ra6+ Kg7 57. Ra7+ Kf8 58. a6 b3 59. Rb7
Ra5 60. a7 b2 61. Rb8+ Kg7 62. a8=Q Rxa8 63. Rxb2 Ra6 64. Rb7+ Kg6 65. Rb5 Ra4+
66. Kf3 1/2-1/2

[Event "Montcalm 1 2019-20"]
[Site "Quebec CAN"]
[Date "2019.09.05"]
[Round "1"]
[White "Lescarbeau, Martin"]
[Black "Auger, Bertrand"]
[Result "0-1"]
[WhiteElo "1695"]
[BlackElo "1922"]
[PlyCount "58"]
[EventDate "2019.09.05"]
[EventType "swiss"]
[EventRounds "5"]
[EventCountry "CAN"]

1. e4 e6 2. d4 d5 3. Nc3 dxe4 4. Nxe4 Bd7 5. Nf3 Bc6 6. Bd3 Nd7 7. O-O Ngf6 8.
Bg5 Be7 9. Ned2 O-O 10. Re1 h6 11. Bh4 b6 12. Ne5 Nxe5 13. Bxf6 Nxd3 14. Bxe7
Qxe7 15. cxd3 Qd7 16. Rc1 Bb7 17. Qg4 Rad8 18. Rc4 Ba6 19. Rc3 Qxd4 20. Qxd4
Rxd4 21. Rxc7 Bxd3 22. Nf3 Rd5 23. Rxa7 Rc8 24. Ra3 Rc2 25. Rb3 b5 26. g3 Bc4
27. Rb4 Rd3 28. Re3 Rd1+ 29. Re1 Rxe1+ 0-1

[Event "Montcalm 1 2019-20"]
[Site "Quebec CAN"]
[Date "2019.09.05"]
[Round "1"]
[White "Plante, Rejean"]
[Black "Lapierre, Gaetan"]
[Result "1/2-1/2"]
[WhiteElo "2037"]
[BlackElo "1783"]
[PlyCount "121"]
[EventDate "2019.09.05"]
[EventType "swiss"]
[EventRounds "5"]
[EventCountry "CAN"]

1. d4 d5 2. Bf4 c6 3. e3 Bf5 4. Nf3 e6 5. Nbd2 Nd7 6. Be2 Be7 7. c4 h6 8. h3
Ngf6 9. Qb3 Qb6 10. O-O Qxb3 11. Nxb3 g5 12. Bh2 O-O-O 13. Ne5 Nxe5 14. Bxe5
Rhg8 15. g4 Bg6 16. Rac1 Nd7 17. Bg3 Nb8 18. cxd5 exd5 19. Nc5 Bd6 20. Bxd6
Rxd6 21. b4 Rh8 22. b5 h5 23. Nd3 hxg4 24. hxg4 Be4 25. f3 Bxd3 26. Bxd3 Rdh6
27. a4 Rh1+ 28. Kf2 R8h2+ 29. Ke1 Rxf1+ 30. Bxf1 Ra2 31. a5 Rxa5 32. e4 dxe4
33. fxe4 Kd7 34. Rc5 Ra1+ 35. Kf2 f6 36. Rf5 Ra2+ 37. Ke3 Ra3+ 38. Kd2 Ke7 39.
e5 Nd7 40. bxc6 bxc6 41. Bd3 fxe5 42. dxe5 Nc5 43. Bc4 Ne4+ 44. Kd1 Rg3 45.
Rf7+ Ke8 46. Rxa7 Rxg4 47. Bf7+ Kf8 48. e6 Nf6 49. Bg6 Rd4+ 50. Ke1 Nd5 51.
Rf7+ Kg8 52. e7 Re4+ 53. Kd2 Nxe7 54. Rf6 Rf4 55. Re6 Nxg6 56. Rxg6+ Kf7 57.
Rxg5 Rf6 58. Kc3 Ke7 59. Kc4 Kd6 60. Rg4 c5 61. Rh4 1/2-1/2

[Event "Montcalm 1 2019-20"]
[Site "Quebec CAN"]
[Date "2019.09.12"]
[Round "2"]
[White "Boissinot, Claude"]
[Black "Bluteau, Yvon"]
[Result "0-1"]
[WhiteElo "1567"]
[BlackElo "1799"]
[PlyCount "116"]
[EventDate "2019.09.05"]
[EventType "swiss"]
[EventRounds "5"]
[EventCountry "CAN"]

1. e4 d5 2. exd5 Nf6 3. d4 Qxd5 4. Nc3 Qd8 5. Be2 Bf5 6. Nf3 e6 7. a3 Be7 8. h3
c6 9. O-O Qd6 10. Be3 Nbd7 11. Qd2 Nb6 12. Bf4 Qd8 13. Rad1 h6 14. Ne5 Nfd5 15.
Nxd5 Nxd5 16. Bg3 f6 17. Bh5+ Kf8 18. Ng6+ Bxg6 19. Bxg6 Bd6 20. c4 Ne7 21. Bc2
Qd7 22. Qe2 Re8 23. Rfe1 Bxg3 24. fxg3 Nf5 25. Bxf5 exf5 26. Qxe8+ Qxe8 27.
Rxe8+ Kxe8 28. Kf2 Ke7 29. Kf3 Kd6 30. Kf4 g6 31. Rd3 Re8 32. Re3 g5+ 33. Kf3
Rb8 34. g4 f4 35. Re4 b5 36. c5+ Kd5 37. b3 a5 38. b4 axb4 39. axb4 Ra8 40. Re7
Ra3+ 41. Kf2 Kxd4 42. Re6 Ra6 43. Re2 Kc4 44. Re4+ Kc3 45. Ke2 Ra2+ 46. Kf3 Ra3
47. Ke2 Kc2 48. Rd4 Re3+ 49. Kf2 Rd3 50. Re4 Kc3 51. Re6 Kxb4 52. Rxc6 Rd5 53.
Rxf6 Kxc5 54. Rxh6 b4 55. Re6 b3 56. Re2 Kc4 57. Ke1 Rd3 58. Rd2 Kc3 0-1

[Event "Montcalm 1 2019-20"]
[Site "Quebec CAN"]
[Date "2019.09.12"]
[Round "2"]
[White "Caire, Francois"]
[Black "Sauve, Richard"]
[Result "1-0"]
[WhiteElo "2220"]
[BlackElo "1915"]
[PlyCount "75"]
[EventDate "2019.09.05"]
[EventType "swiss"]
[EventRounds "5"]
[EventCountry "CAN"]

1. c4 e6 2. g3 d5 3. Bg2 Nf6 4. Nf3 Be7 5. d4 O-O 6. O-O c6 7. Qc2 Nbd7 8. Nbd2
b6 9. e4 dxe4 10. Nxe4 Nxe4 11. Qxe4 Bb7 12. Rd1 Nf6 13. Qc2 Qc8 14. c5 Rd8 15.
Bg5 bxc5 16. dxc5 h6 17. Be3 Rxd1+ 18. Rxd1 Nd5 19. Bd4 Ba6 20. b3 Qe8 21. Re1
Bb5 22. Bh3 Rd8 23. a3 Nf6 24. Ba1 Qd7 25. Nd4 Kh8 26. Nxb5 cxb5 27. c6 Qd2 28.
Qxd2 Rxd2 29. Rc1 Rd8 30. b4 Nd5 31. Bd4 a6 32. Bg2 Rc8 33. Bxd5 exd5 34. c7
Kg8 35. Bb6 Bf6 36. Rc6 d4 37. Rd6 d3 38. Rxd3 1-0

[Event "Montcalm 1 2019-20"]
[Site "Quebec CAN"]
[Date "2019.09.12"]
[Round "2"]
[White "Diotte, Jean-Raymond"]
[Black "Plante, Rejean"]
[Result "0-1"]
[WhiteElo "1314"]
[BlackElo "2037"]
[PlyCount "98"]
[EventDate "2019.09.05"]
[EventType "swiss"]
[EventRounds "5"]
[EventCountry "CAN"]

1. e4 c5 2. Nf3 Nc6 3. Bc4 e6 4. c3 a6 5. d4 b5 6. Be2 d5 7. e5 cxd4 8. cxd4
Bb4+ 9. Nc3 Nge7 10. a3 Ba5 11. b4 Bb6 12. Bg5 h6 13. Bh4 g5 14. Bg3 Nf5 15.
O-O Ncxd4 16. Nxd4 Bxd4 17. Rc1 Qb6 18. Qd3 Bd7 19. h3 Nxg3 20. Qxg3 Qb8 21.
Bh5 Bxe5 22. Qf3 O-O 23. Nd1 Qd6 24. Ne3 f5 25. Rc2 d4 26. Rd1 Rac8 27. Rxc8
Rxc8 28. Ng4 fxg4 29. Qf7+ Kh8 30. Qg6 Bg7 31. Bxg4 Rf8 32. Be2 Rf6 33. Qe4 e5
34. Rc1 Bc6 35. Qg4 e4 36. Qc8+ Kh7 37. Bg4 Bf8 38. Qxa6 d3 39. Qa7+ Kg6 40.
Qe3 h5 41. Rc5 Qf4 42. Qxf4 gxf4 43. Rxh5 e3 44. fxe3 fxe3 45. Re5 e2 46. Bf5+
Kh6 47. Kf2 Bd6 48. Re6 Rxe6 49. Bxe6 Bg3+ 0-1

[Event "Montcalm 1 2019-20"]
[Site "Quebec CAN"]
[Date "2019.09.12"]
[Round "2"]
[White "Drolet, Stephane"]
[Black "Belanger, Mathieu-Olivier"]
[Result "1-0"]
[WhiteElo "2054"]
[BlackElo "1706"]
[PlyCount "83"]
[EventDate "2019.09.05"]
[EventType "swiss"]
[EventRounds "5"]
[EventCountry "CAN"]

1. d4 Nf6 2. Nf3 c5 3. d5 g6 4. c4 b5 5. cxb5 a6 6. Nc3 Bg7 7. e4 d6 8. Bd3 O-O
9. O-O Nbd7 10. h3 Nb6 11. Re1 Nfd7 12. a4 c4 13. Bf1 Bxc3 14. bxc3 axb5 15.
Bh6 Re8 16. axb5 Rxa1 17. Qxa1 Nc5 18. Nd2 e6 19. Nxc4 Nxc4 20. Bxc4 Qh4 21.
Be3 Nxe4 22. dxe6 fxe6 23. Bf1 Rf8 24. Qa4 Rxf2 25. Rb1 Bb7 26. b6 Rf8 27. Qd7
Bc8 28. Qc7 Qg3 29. Bh6 Qf2+ 30. Kh1 Qf6 31. Bxf8 Qxf8 32. b7 Bxb7 33. Qxb7
Nf2+ 34. Kg1 Qf4 35. Qf3 Nxh3+ 36. Qxh3 d5 37. Qxe6+ Kg7 38. Rb7+ Kh6 39. Qh3+
Kg5 40. Rxh7 Qb8 41. Qh4+ Kf5 42. Rf7+ 1-0

[Event "Montcalm 1 2019-20"]
[Site "Quebec CAN"]
[Date "2019.09.12"]
[Round "2"]
[White "Fecteau, Martin"]
[Black "Genest, Dominic"]
[Result "1-0"]
[WhiteElo "1982"]
[BlackElo "1812"]
[PlyCount "31"]
[EventDate "2019.09.05"]
[EventType "swiss"]
[EventRounds "5"]
[EventCountry "CAN"]

1. c4 Nf6 2. Nc3 e6 3. g3 d5 4. d4 c6 5. Qb3 Nbd7 6. Nf3 Be7 7. Bg2 O-O 8. O-O
b6 9. Bf4 Nh5 10. Be3 Ba6 11. cxd5 cxd5 12. Nb5 f5 13. Rfe1 Nhf6 14. Ng5 Bxb5
15. Qxb5 a6 16. Qb3 1-0

[Event "Montcalm 1 2019-20"]
[Site "Quebec CAN"]
[Date "2019.09.12"]
[Round "2"]
[White "Labrecque, Rejean"]
[Black "Chabot, Sebastien"]
[Result "0-1"]
[WhiteElo "1833"]
[BlackElo "1280"]
[PlyCount "118"]
[EventDate "2019.09.05"]
[EventType "swiss"]
[EventRounds "5"]
[EventCountry "CAN"]

1. d4 d5 2. c4 e6 3. Nf3 Bb4+ 4. Bd2 Nc6 5. Bxb4 Nxb4 6. a3 Nc6 7. e3 Nf6 8.
Nc3 O-O 9. Bd3 dxc4 10. Bxc4 Na5 11. Bd3 b6 12. O-O Bb7 13. Rc1 a6 14. Ne5 c5
15. dxc5 Qc7 16. f4 Qxc5 17. Re1 Rad8 18. b4 Qd6 19. bxa5 b5 20. Qb3 h5 21. Qb4
Qb8 22. h3 Qa8 23. Re2 Qc8 24. Rec2 Qa8 25. a4 Bxg2 26. Rxg2 bxa4 27. Qxa4 Qa7
28. Re2 Qc5 29. Kf2 Rb8 30. Na2 Qa7 31. Nc6 Qd7 32. Nxb8 Qxa4 33. Nc3 Qa3 34.
Rec2 Rxb8 35. Ke2 g6 36. Bxa6 Qxa5 37. Bd3 h4 38. Kf2 Kg7 39. Ne2 Rb3 40. Nc3
Qa7 41. Bc4 Rb4 42. Bd3 Rxf4+ 43. Ke2 Rb4 44. Nb5 Qa8 45. Nd4 Qg2+ 46. Kd1 Qg1+
47. Kd2 Qg5 48. Ke2 Qe5 49. Nf3 Qg3 50. Rg1 Qd6 51. Rg2 Nd5 52. Rd2 Qb6 53. Nd4
e5 54. Nc2 Qc5 55. Nxb4 Qxb4 56. Rg4 Qc5 57. e4 Nf4+ 58. Kd1 Qc3 59. Bf1 Qa1+
0-1

[Event "Montcalm 1 2019-20"]
[Site "Quebec CAN"]
[Date "2019.09.12"]
[Round "2"]
[White "Sarra-Bournet, Marc"]
[Black "Gaulin, Gaetan"]
[Result "1/2-1/2"]
[WhiteElo "1805"]
[BlackElo "1939"]
[PlyCount "109"]
[EventDate "2019.09.05"]
[EventType "swiss"]
[EventRounds "5"]
[EventCountry "CAN"]

1. e4 c5 2. Nc3 Nc6 3. f4 g6 4. Nf3 Bg7 5. Bb5 Nd4 6. Nxd4 cxd4 7. Ne2 Qb6 8.
Bd3 d6 9. Ng3 Nf6 10. O-O O-O 11. f5 Bd7 12. Kh1 Bb5 13. Bxb5 Qxb5 14. d3 Rac8
15. b3 Qc5 16. Rf2 Rc7 17. Bb2 Rfc8 18. Bc1 b5 19. Bg5 h6 20. Bxf6 Bxf6 21.
fxg6 fxg6 22. Qg4 Qg5 23. Qe6+ Kh7 24. Raf1 Rxc2 25. Rxf6 exf6 26. Rxf6 Rc1+
27. Nf1 R1c7 28. Qxd6 Qc5 29. Qg3 Rg7 30. h4 Rf8 31. e5 Rxf6 32. exf6 Rf7 33.
Qf4 Qb6 34. Qe4 Qxf6 35. Nd2 Qf4 36. Qxf4 Rxf4 37. Nf3 Kg7 38. Kg1 Kf6 39. Kf2
h5 40. g3 Rg4 41. Nh2 b4 42. Kf3 Kf5 43. Nxg4 hxg4+ 44. Kf2 g5 45. hxg5 Kxg5
46. Ke2 Kf5 47. Kd2 Ke5 48. Kc2 Kd5 49. Kb2 Kc5 50. Kc2 Kb5 51. Kb2 a6 52. Kc2
a5 53. Kb2 Kc5 54. Kc2 Kb5 55. Kb2 1/2-1/2